| 000 | 00736nam a2200253 a 4500 | ||
|---|---|---|---|
| 008 | |||
| 020 | _a0697165388 (pbk.) | ||
| 049 | _aMAIN | ||
| 090 |
_aQH308.2 _bVOL |
||
| 100 | 1 | _aVolpe, E. Peter. | |
| 245 | 1 | 0 |
_aBiology and human concerns / _cE. Peter Volpe. |
| 250 | _a4th ed. | ||
| 260 |
_aDubuque, Iowa : _bW. C. Brown Publishers, _c1993. |
||
| 300 |
_axxii, 611 p. : _bill. (some col.) ; _c28 cm. |
||
| 504 | _aIncludes bibliographical references. | ||
| 500 | _aIncludes index. | ||
| 650 | 0 | _aBiology. | |
| 650 | 0 |
_aBiology _xSocial aspects. |
|
| 907 |
_a.b10049101 _b03-02-11 _c17-04-03 |
||
| 003 | |||
| 005 | 20230123133720.0 | ||
| 040 | _cNUST | ||
| 942 |
_cBOOKS _kQH308.2 _mVOL |
||
| 999 |
_c153396 _d153396 |
||